| 000 | 00616nam a22001817a 4500 | ||
|---|---|---|---|
| 005 | 20231101070042.0 | ||
| 008 | 231101b |||||||| |||| 00| 0 eng d | ||
| 020 | _a0409041068 | ||
| 041 | _aEnglish | ||
| 082 | _a346.7 MAL | ||
| 100 |
_aMalan, FR and Pretorius JT _lEnglish |
||
| 245 |
_aMalan on Bills of Exchange, Cheques and Promissory Notes / _cFR Malan and JT Pretorius |
||
| 250 | _aThird Edition | ||
| 260 |
_aDurban : _bButterworth Publishers (Pty) Ltd, _c1997 |
||
| 300 |
_bxiii, 573 pages ; _c25 cm. _e3 Editions |
||
| 650 |
_alegal practice _bLaw |
||
| 942 |
_cBK _6ALISON_BN_VRIES |
||
| 999 |
_c202 _d202 |
||